|
|
|
|
| LEADER |
01363pam a22003738a 4500 |
| 001 |
00035167 |
| 005 |
20171026081025.0 |
| 008 |
161123s2014 ||||||Viesd |
| 041 |
0 |
# |
|a Vie
|
| 082 |
1 |
4 |
|a 294.309 59
|b PH124GI
|
| 245 |
1 |
0 |
|a Phật giáo nguyên thủy từ truyền thống đến hiện đại
|c Thích Nhật Từ; Thích Bửu Chánh; Trương Văn Chung...[Và những người khác]
|
| 260 |
# |
# |
|a Tp. Hồ Chí Minh
|b Hồng Đức
|c 2014
|
| 300 |
# |
# |
|a 955 tr.
|c 24 cm.
|
| 500 |
# |
# |
|a ĐTTS:Viện nghiên cứu phật học Việt Nam. Trường ĐHKHXH và NV.
|
| 653 |
# |
# |
|a Phật giáo
|
| 653 |
# |
# |
|a Lịch sử
|
| 653 |
# |
# |
|a Bài viết
|
| 653 |
# |
# |
|a Triết học
|
| 653 |
# |
# |
|a Việt Nam
|
| 700 |
1 |
# |
|a Nguyễn, Công Lý
|e Biên tập
|
| 700 |
1 |
# |
|a Thích, Bửu Chánh
|e Biên tập
|
| 700 |
1 |
# |
|a Thích, Nhật Từ
|e Biên tập
|
| 700 |
1 |
# |
|a Thích, Thiện Minh
|e Biên tập
|
| 700 |
1 |
# |
|a Trương, Văn Chung
|e Biên tập
|
| 852 |
# |
# |
|b Kho mượn
|j KM.0019848
|
| 852 |
# |
# |
|b Kho đọc
|j KD.0018879
|
| 852 |
# |
# |
|j KD.0018879
|j KM.0019848
|
| 910 |
|
|
|d 23/11/2016
|
| 980 |
# |
# |
|a Trung tâm Học liệu Lê Vũ Hùng, Trường Đại học Đồng Tháp
|